Normal view
MARC view
Entry Personal Name
001 - CONTROL NUMBER
- control field: 5461
003 - CONTROL NUMBER IDENTIFIER
- control field: HDC
005 - DATE AND TIME OF LATEST TRANSACTION
- control field: 20230624073215.0
008 - FIXED-LENGTH DATA ELEMENTS
- fixed length control field: 210119|| aca||aabn | a|a d
040 ## - CATALOGING SOURCE
- Original cataloging agency: HDC
- Transcribing agency: HDC
100 ## - HEADING--PERSONAL NAME
- Personal name: Gholamreza Zandi
670 ## - SOURCE DATA FOUND
- Source citation: Work cat.: (HDC)5322: Gholamreza Zandi author, Some issues on Murabahah practices in Iran and Malaysian Islamic banks / by , 2012
